[Event "GER-ch Blitz (Women)"]
[Site "Viernheim"]
[Date "2023.07.15"]
[Round "21"]
[White "Adelhardt, Lisa"]
[Black "Nikolaeva, Mariya A"]
[Result "1-0"]
[WhiteElo "1701"]
[BlackElo "1249"]
[PlyCount "37"]
[EventDate "2023.07.15"]
[EventType "tourn (blitz)"]
[EventRounds "27"]
[EventCountry "GER"]
[SourceTitle "CBM 215 Extra"]
[Source "ChessBase"]
[SourceDate "2023.09.30"]
[SourceVersion "1"]
[SourceVersionDate "2023.09.30"]
[SourceQuality "1"]

1. e4 e5 2. Nf3 Nc6 3. Bc4 Bc5 4. c3 Nf6 5. d4 exd4 6. cxd4 Bb4+ 7. Bd2 Nxe4 8. Bxb4 Nxb4 9. Bxf7+ Kxf7 10. Qb3+ d5 11. Qxb4 Rf8 12. 0-0 Kg8 13. Nc3 Nxc3 14. Qxc3 c6 15. Rfe1 Bf5 16. Re3 Qf6 17. Rae1 Be4 18. R1e2 Qg6 19. Ne1 1-0

[Event "GER-ch Blitz (Women)"]
[Site "Viernheim"]
[Date "2023.07.15"]
[Round "24"]
[White "Nikolaeva, Mariya A"]
[Black "Brandt, Carina"]
[Result "1-0"]
[WhiteElo "1249"]
[BlackElo "2058"]
[PlyCount "45"]
[EventDate "2023.07.15"]
[EventType "tourn (blitz)"]
[EventRounds "27"]
[EventCountry "GER"]
[SourceTitle "CBM 215 Extra"]
[Source "ChessBase"]
[SourceDate "2023.09.30"]
[SourceVersion "1"]
[SourceVersionDate "2023.09.30"]
[SourceQuality "1"]

1. e4 c5 2. Nf3 a6 3. d4 cxd4 4. Nxd4 e6 5. Bd3 Nc6 6. Nxc6 dxc6 7. 0-0 e5 8. Nd2 Qc7 9. b3 Nf6 10. Bb2 Bd6 11. Nc4 0-0 12. Nxd6 Qxd6 13. f4 Ng4 14. Qf3 Qc5+ 15. Kh1 exf4 16. Qxf4 Be6 17. Rae1 Rad8 18. h3 Nh6 19. Bxg7 Kxg7 20. Qf6+ Kg8 21. Qxh6 Qd4 22. e5 Bd5 23. Qxh7# 1-0

[Event "GER-ch Blitz (Women)"]
[Site "Viernheim"]
[Date "2023.07.15"]
[Round "10"]
[White "Nikolaeva, Mariya A"]
[Black "Groeschel, Karoline"]
[Result "0-1"]
[WhiteElo "1249"]
[BlackElo "1934"]
[PlyCount "164"]
[EventDate "2023.07.15"]
[EventType "tourn (blitz)"]
[EventRounds "27"]
[EventCountry "GER"]
[SourceTitle "CBM 215 Extra"]
[Source "ChessBase"]
[SourceDate "2023.09.30"]
[SourceVersion "1"]
[SourceVersionDate "2023.09.30"]
[SourceQuality "1"]

1. e4 c5 2. Nf3 e6 3. d4 cxd4 4. Nxd4 a6 5. Bd3 Nf6 6. c4 Qc7 7. Nc3 b6 8. Qe2 Bb7 9. 0-0 d6 10. Be3 Nbd7 11. f4 Be7 12. h3 Rc8 13. Rac1 Qb8 14. f5 e5 15. Nf3 Nc5 16. Bxc5 dxc5 17. Nd5 Bd8 18. b3 0-0 19. Qb2 Re8 20. Qf2 Bc6 21. g4 h6 22. Bc2 b5 23. g5 hxg5 24. Qg3 bxc4 25. bxc4 Nh5 26. Qg4 Nf4 27. Nxg5 Qb2 28. Nxf4 exf4 29. Qxf4 Qd4+ 30. Kh1 Qxc4 31. f6 Bxf6 32. Nf3 Bxe4 33. Bxe4 Qxe4 34. Qxe4 Rxe4 35. Nh2 c4 36. Rf3 c3 37. Ng4 Bd4 38. Nf2 Bxf2 39. Rxf2 Rd4 40. Rfc2 Rdc4 41. Kg2 Kf8 42. Kf3 Ke7 43. Ke3 Kf6 44. Kd3 R4c6 45. Rf2+ Ke6 46. Re1+ Kd6 47. Kc2 R8c7 48. Rd1+ Ke7 49. Re1+ Kf8 50. Rfe2 g6 51. Re8+ Kg7 52. R8e2 Kh6 53. Re4 Kg5 54. Rf1 f5 55. Re3 Kh4 56. Rf4+ Kg5 57. Ref3 Rc4 58. h4+ Kf6 59. a3 Rxf4 60. Rxf4 Ke5 61. Ra4 Rc6 62. Ra5+ Kf6 63. Ra4 g5 64. hxg5+ Kxg5 65. Rd4 f4 66. Rd8 f3 67. Rg8+ Kf4 68. Rf8+ Ke3 69. Re8+ Kf4 70. Rf8+ Ke4 71. Re8+ Kf4 72. Rf8+ Kg3 73. Rg8+ Kh2 74. Rh8+ Kg2 75. Rg8+ Kf1 76. Rf8 f2 77. Rg8 Re6 78. Kxc3 Ke2 79. Rg2 Ke1 80. Kb2 f1Q 81. Rc2 Re2 82. a4 Rxc2+ 0-1

[Event "GER-ch Blitz (Women)"]
[Site "Viernheim"]
[Date "2023.07.15"]
[Round "16"]
[White "Nikolaeva, Mariya A"]
[Black "Wagner, Dinara"]
[Result "0-1"]
[WhiteElo "1249"]
[BlackElo "2447"]
[PlyCount "72"]
[EventDate "2023.07.15"]
[EventType "tourn (blitz)"]
[EventRounds "27"]
[EventCountry "GER"]
[SourceTitle "CBM 215 Extra"]
[Source "ChessBase"]
[SourceDate "2023.09.30"]
[SourceVersion "1"]
[SourceVersionDate "2023.09.30"]
[SourceQuality "1"]

1. e4 c5 2. Nf3 d6 3. d4 cxd4 4. Qxd4 Nf6 5. Nc3 Nc6 6. Bb5 Bd7 7. Bxc6 Bxc6 8. Bg5 e6 9. 0-0-0 Be7 10. Kb1 Rc8 11. Qd2 Nxe4 12. Nxe4 Bxe4 13. Bxe7 Qxe7 14. Rc1 d5 15. Qd4 0-0 16. Qxa7 Rc5 17. Nd2 Bg6 18. Nb3 Rc4 19. Nd2 Rc7 20. Qa4 Rfc8 21. Qd4 Rxc2 22. Rxc2 Rxc2 23. Ka1 Qc7 24. Nb3 h6 25. g3 Be4 26. Re1 e5 27. Qe3 f6 28. f3 Bg6 29. h4 d4 30. Qg1 d3 31. Rd1 Bf7 32. Qe3 Bg6 33. g4 Re2 34. Qc5 Qxc5 35. Nxc5 d2 36. Nb3 Re1 0-1

[Event "GER-ch Blitz (Women)"]
[Site "Viernheim"]
[Date "2023.07.15"]
[Round "17"]
[White "Noll, Sonja"]
[Black "Nikolaeva, Mariya A"]
[Result "0-1"]
[WhiteElo "1728"]
[BlackElo "1249"]
[PlyCount "160"]
[EventDate "2023.07.15"]
[EventType "tourn (blitz)"]
[EventRounds "27"]
[EventCountry "GER"]
[SourceTitle "CBM 215 Extra"]
[Source "ChessBase"]
[SourceDate "2023.09.30"]
[SourceVersion "1"]
[SourceVersionDate "2023.09.30"]
[SourceQuality "1"]

1. e4 e5 2. Nf3 Nc6 3. Bc4 Bc5 4. b4 Bxb4 5. c3 Ba5 6. d4 d6 7. Qb3 Qd7 8. dxe5 dxe5 9. Ng5 Nh6 10. Ba3 Bb6 11. 0-0 Na5 12. Qb4 Nxc4 13. Qxc4 Qg4 14. Nf3 Be6 15. Qd3 Rd8 16. Qe2 Qf4 17. Nbd2 c5 18. Nb3 0-0 19. Nxc5 Bxc5 20. Bxc5 Rfe8 21. Be3 Qxe4 22. Ng5 Qc4 23. Qc2 Bf5 24. Qb2 b6 25. Nf3 Ng4 26. Bg5 f6 27. Bh4 Qc7 28. Bg3 Nh6 29. Nh4 Be6 30. Rfe1 Nf5 31. Nxf5 Bxf5 32. Qb3+ Be6 33. Qc2 Qc6 34. Re3 Bd5 35. f3 Qc5 36. Qe2 Rc8 37. Rc1 Bc4 38. Qf2 Red8 39. Re4 Qxf2+ 40. Bxf2 Bd5 41. Ra4 Rc7 42. c4 Bc6 43. Ra3 Rd2 44. Be3 Rdd7 45. c5 b5 46. Rb1 Kf7 47. Kf2 Ke6 48. g3 g6 49. f4 e4 50. Rb4 f5 51. Rb2 Rb7 52. Rab3 a5 53. a4 b4 54. Rd2 Rxd2+ 55. Bxd2 Bxa4 56. Rb2 Bc6 57. Ke3 Kd5 58. h3 Kxc5 59. Rc2+ Kd5 60. g4 b3 61. Rb2 a4 62. Bc1 a3 63. Rd2+ Ke6 64. Bxa3 Bd5 65. Rb2 Bc4 66. gxf5+ gxf5 67. h4 Bd3 68. Kd2 Bc2 69. Kc3 Rc7+ 70. Kd2 Rd7+ 71. Ke2 Rd3 72. h5 Rh3 73. h6 Rxh6 74. Bf8 Rh4 75. Ke3 Rh3+ 76. Kd4 Rd3+ 77. Kc4 Rf3 78. Bh6 e3 79. Bg5 e2 80. Bh4 Rf1 0-1

[Event "GER-ch Blitz (Women)"]
[Site "Viernheim"]
[Date "2023.07.15"]
[Round "7"]
[White "Skibbe, Diana"]
[Black "Nikolaeva, Mariya A"]
[Result "1-0"]
[WhiteElo "1938"]
[BlackElo "1249"]
[PlyCount "113"]
[EventDate "2023.07.15"]
[EventType "tourn (blitz)"]
[EventRounds "27"]
[EventCountry "GER"]
[SourceTitle "CBM 215 Extra"]
[Source "ChessBase"]
[SourceDate "2023.09.30"]
[SourceVersion "1"]
[SourceVersionDate "2023.09.30"]
[SourceQuality "1"]

1. e4 e5 2. f4 exf4 3. Nf3 h6 4. h4 d5 5. exd5 Qxd5 6. Nc3 Qd8 7. d4 Bd6 8. Bc4 Nf6 9. Qe2+ Be7 10. Bxf4 0-0 11. 0-0-0 Nc6 12. Rhe1 Bd6 13. Be5 Bg4 14. Ne4 Bxe5 15. dxe5 Bxf3 16. gxf3 Nd4 17. Qf2 Nxe4 18. fxe4 c5 19. c3 b5 20. Bd5 Rc8 21. Kb1 Qe7 22. cxd4 cxd4 23. Qxd4 Rfd8 24. Rg1 Rc4 25. Bxf7+ Qxf7 26. Qxd8+ Kh7 27. e6 Qxe6 28. Rge1 Qe5 29. Qd5 Qe8 30. h5 a6 31. Qf5+ Kg8 32. Rd7 Rc6 33. Qd5+ Qe6 34. Qxe6+ Rxe6 35. Kc2 Re5 36. Rd5 Re6 37. Kd3 Kf7 38. Rf1+ Ke7 39. Kd4 Rc6 40. Rc5 Rd6+ 41. Ke5 Re6+ 42. Kd4 Rd6+ 43. Rd5 Rc6 44. Rf2 Rc4+ 45. Ke5 Rc6 46. Rf5 Rc2 47. b4 Rxa2 48. Rd4 Rc2 49. Kd5 Rc7 50. e5 Rd7+ 51. Ke4 Rc7 52. Rf4 Rc1 53. Rg4 Re1+ 54. Kd5 Kf7 55. Rg6 Rf1 56. e6+ Kf8 57. Kd6 1-0